Кабардино-Балкария в контексте историко-культурной динамики в ХХ - начале ХХI в. (Запись № 12080496)

Подробности
000 -МАРКЕР
контрольное поле 02453nam0a2200349 4500
001 - ИДЕНТИФИКАТОР ЗАПИСИ
контрольное поле RU\NLR\BIBL_A\012137483
005 - ИДЕНТИФИКАТОР ВЕРСИИ
контрольное поле 20191126110925.0
010 ## - МЕЖДУНАРОДНЫЙ СТАНДАРТНЫЙ НОМЕР КНИГИ (ISBN)
Номер (ISBN) 978-5-91766-158-2
Тираж 500
021 ## - НОМЕР ГОСУДАРСТВЕННОЙ РЕГИСТРАЦИИ
Код страны Российская Федерация
Номер КН-П-19-078342
Номер Листа государственной регистраци КН-П-19-5682
035 ## - ДРУГИЕ СИСТЕМНЫЕ НОМЕРА
Идентификатор записи (NLR Aleph) 012137483
035 ## - ДРУГИЕ СИСТЕМНЫЕ НОМЕРА
Идентификатор записи (RuMoRGB)010124465
100 ## - ДАННЫЕ ОБЩЕЙ ОБРАБОТКИ
Данные общей обработки 20191113d2019 k y0rusy50 ca
101 0# - ЯЗЫК РЕСУРСА
Язык текста, звукозаписи и т.д. русский
-- английский
102 ## - СТРАНА ПУБЛИКАЦИИ ИЛИ ПРОИЗВОДСТВА
Страна публикации Российская Федерация
105 ## - ПОЛЕ КОДИРОВАННЫХ ДАННЫХ: ТЕКСТОВЫЕ МАТЕРИАЛЫ, МОНОГРАФИЧЕСКИЕ
Кодированные данные о монографическом текстовом документе y zzzz00100zy
200 1# - ЗАГЛАВИЕ И СВЕДЕНИЯ ОБ ОТВЕТСТВЕННОСТИ
Основное заглавие Кабардино-Балкария в контексте историко-культурной динамики в ХХ - начале ХХI в.
Сведения, относящиеся к заглавию сборник научных статей, [оглашенных в виде докладов на республиканской конференции, приуроченой к 25-летию Парламента КБР]
Первые сведения об ответственности Институт гуманитарных исследований - Филиал Федерального государственного бюджетного научного учреждения "Федеральный научный центр "Кабардино-Балкарский научный центр Российской академии наук", Парламент Кабардино-Балкарской Республики
Последующие сведения об ответственности [ответственный редактор: Дзамихов К. Ф.]
210 ## - ПУБЛИКАЦИЯ, РАСПРОСТРАНЕНИЕ И ДР.
Место издания, распространения и т.д. Нальчик
Имя издателя, распространителя и т. д. ИПИ КБНЦ РАН
Дата издания, распространения и т.д. 2019
215 ## - ФИЗИЧЕСКАЯ ХАРАКТЕРИСТИКА
Специфическое обозначение материала и объем 159 с.
Размеры 21
300 ## - ОБЩИЕ ПРИМЕЧАНИЯ
Текст примечания Часть текста на англ. яз.
320 ## - ПРИМЕЧАНИЯ О НАЛИЧИИ В ДОКУМЕНТЕ БИБЛИОГРАФИИ / УКАЗАТЕЛЯ
Текст примечания Библиогр. в примеч. в конце ст.
607 ## - ГЕОГРАФИЧЕСКОЕ НАИМЕНОВАНИЕ КАК ПРЕДМЕТ
Географическое наименование Кабардино-Балкарская Республика
Формальный подзаголовок Сборники
Тематический подзаголовок История
Системный номер авторитетной/нормативной записи 2164125
Идентификатор авторитетной/нормативной записи RU\NLR\AUTH\661302231
686 1# - ИНДЕКСЫ ДРУГИХ КЛАССИФИКАЦИЙ
Индекс Т3(2Р-6К)я43
702 #1 - ИМЯ ЛИЦА - ВТОРИЧНАЯ ОТВЕТСТВЕННОСТЬ
Код отношения Редактор
Графика поля Кириллица
Материалы, к которым относится поле rus
Начальный элемент ввода Дзамихов
Часть имени, кроме начального элемента ввода К. Ф.
Даты 1957-
Расширение инициалов личного имени Касболат Фицевич
Системный номер авторитетной/нормативной записи 101198
Идентификатор авторитетной/нормативной записи RU\NLR\AUTH\77118273
711 12 - НАИМЕНОВАНИЕ ОРГАНИЗАЦИИ - АЛЬТЕРНАТИВНАЯ ОТВЕТСТВЕННОСТЬ
Начальный элемент ввода "Парламентаризм в Кабардино-Балкарии: исторический опыт и современные практики", республиканская конференция
Место проведения временной организации Нальчик
Дата проведения временной организации 2019
Системный номер авторитетной/нормативной записи 684897
Идентификатор авторитетной/нормативной записи RU\NLR\AUTH\880512175
712 02 - НАИМЕНОВАНИЕ ОРГАНИЗАЦИИ - ВТОРИЧНАЯ ОТВЕТСТВЕННОСТЬ
Код отношения Организатор конференции
Начальный элемент ввода Институт гуманитарных исследований
Идентифицирующий признак Нальчик
Системный номер авторитетной/нормативной записи 532435
Идентификатор авторитетной/нормативной записи RU\NLR\AUTH\8810017294
942 ## - ДОПОЛНИТЕЛЬНЫЕ ЭЛЕМЕНТЫ ЗАПИСИ (АБИС)
Тип экземпляра АБИС Книга
980 ## - КОЛЛЕКЦИЯ
Название коллекции НБР
980 ## - КОЛЛЕКЦИЯ
Название коллекции Национальная библиография

Нет доступных экземпляров.